000 00282nam a2200121Ia 4500
008 140130s9999 xx 000 0 und d
245 _cPines, T.
_a13 tales of horror
260 _bScholastic,
_c1991
440 _v1
521 _aGrade 3 - Grade 5
942 _cBK
999 _c41017
_d41017